000 00395nam a2200145Ia 4500
008 231129s1994||||xx |||||||||||||| ||spa||
020 _a958-9409-00-8
040 _bspa
082 _a378 M578e
100 _aMesa Mejia Bernardo
245 0 _aEducacion superior: una vision de futuro
260 _c1994
264 _aGraficas Olimpica
942 _2ddc
_cBKS
999 _c10007
_d10007